LEADER 00707nab a2200169 i 4500 001 000000272037 003 CaOOAMICUS 005 20081030000000.0 008 081030n xx uu u0 0und r 013 $a19436 040 $aSeMil$bita 100 1 $aCalori, Carlo .$0(OLS)http://semarc/name/36466 245 10$aE tu sei crocifisso, ed io con te :$bultime poesie edite /$cCarlo Calori ; a cura di Paolo Di Sacco. - 34 p. ; 21 cm. 500 $aLUGLIO-SETTEMBRE 2008 - Supplemento. 700 1 $aDi Sacco, Paolo.$0(OLS)http://semarc/name/25644 773 0 $t[2008].$dMilano : ISMECC, 2008.$w()173310 996 $6245$aE tu sei crocifisso, ed io con te :$bultime poesie edite$9(OLS)http://semarc/title/360138 LEADER 00845nas a2200229 i 4500 001 000000214854 003 CaOOAMICUS 005 20121029000000.0 008 120806b2012 ne uu u0 0mul r 013 $a193726 040 $aSeMil$bita 245 10$a[2012 : 3]. 260 $aLeiden ; Boston :$bBrill,$ccopyr. 2012. 300 $aP. [299]-478 :$btabelle ;$c24 cm. 500 $aArticoli con sintesi [Abstract] in francese o in inglese in testa. 773 0 $tVetus Testamentum.$dLeiden : Brill, 1951.$x0042-4935$w()3098 774 0 $t[vedi periodico].$w()277632 850 $aSeMil 852 $aSeMil$W1$xVenegono$y1$m100 5 67$j165275$B165275$CSeMilBibl$Z2$F177792 $85 961 $aAbbonamento: Brill 996 $6245$a[2012 : 3]$9(OLS)http://semarc/title/307459 996 $6260$aLeiden ; Boston :$bBrill$9(OLS)http://semarc/publisher/39473